عرض عادي عرض مارك
  • المعادلات الرياضية

مدخل مصطلح موضوعي

عدد التسجيلات المستخدمة في: 5

001 - رقم الضبط

  • حقل الضبط: 1837

003 - معرف رقم الضبط

  • حقل الضبط: OSt

005 - تاريخ ووقت أخر عملية

  • حقل الضبط: 20110802023426.0

008 - عناصر بيانات ثابتة الطول

  • حقل تحكم ثابت الطول: 110802|||a|||||| | ||| d

040 ## - مصدر الفهرسة

  • هيئة الفهرسة الأصلية: OSt
  • وكالة الكتابة: OSt

150 ## - مدخل-- مصطلح تاريخي

  • عنصر مدخل المصطلح الموضوعي او الاسم الجغرافي: المعادلات الرياضية

670 ## - بيانات المصدر موجوده

  • الاستشهاد بالمصدر: Work cat.: (OSt)12680: هندي، فتحية أحمد. 1835, حل مجموعة من المعادلات غير الخطية وكحالة خاصة المعادلات التربيعية /, [19--